000 00517nam a2200193Ia 4500
003 OSt
005 20200605135948.0
008 190216s9999||||xx |||||||||||||| ||und||
020 _a9788126514137
040 _coclc
082 _a337
_bSAL/I
100 _aSalvatore, Dominick
_9459
245 0 _aInternational Economics /
_cDominick Salvatore
250 _a8th Ed.
260 _bWiley India,
_c2010.
300 _a826p
650 _aEconomics
942 _cBK
_2ddc
_h337
_iSAL/I
_k337
_mSAL/I
999 _c11092
_d11092